000 01149nam a2200241Ii 4500
003 JO-AjNU
008 230605s9999||||xx |||||||||||||| ||und||
017 _a2005/4
020 _a977-314-230-2
040 _aJO-AjNU
_bara
_erda
_cJO-AjNU
041 _aara
050 1 4 _aNA4670.H33 2004
100 3 _aالحداد إسماعيل,محمد حمزة تأليف,
_eauthor
_99612
245 0 0 _aطراز المسجد القبة في المدينة المنورة والهفوف :دراسة تحليلية مقارنة للتخطيط وأصوله وتطورة في العمارة الاسلامية، ج2 (الكتاب الاول)
250 _aط2
264 3 1 _aالقاهرة: مكتبة زهراء الشرق ,2004
300 _aج2 (الكتاب الاول)، 76ص
_bاشكال توضيحية
336 _atext
_btxt
_2rdacontent
337 _aunmediated
_bn
_2rdamedia
338 _avolume
_bnc
_2rdacarrier
490 0 _aسلسلة العمارة الإسلامية في الجزيرة العربية
650 4 _aالعمارة الإسلامة-مسجد القبة في المدينة المنورة والهفوف-أثار-مساجد
_99613
999 _aA1390
_c4958
_d4958